• Pezzali M.

di Personal Name

Records bibliografici associati: 1

001 - CONTROL NUMBER

  • control field: 32014

003 - CONTROL NUMBER IDENTIFIER

  • control field: IT-RoPau

005 - DATE AND TIME OF LATEST TRANSACTION

  • control field: 20140626100025.0

008 - FIXED-LENGTH DATA ELEMENTS

  • fixed length control field: 140626|| aca||aabn | a|a d

040 ## - CATALOGING SOURCE

  • Original cataloging agency: IT-RoPau
  • Transcribing agency: IT-RoPau

100 ## - HEADING--PERSONAL NAME

  • Personal name: Pezzali M.
  • Relator term: Autore testo e musica
  • Miscellaneous information: Codice autore testo/musica SPICS: 43201

670 ## - SOURCE DATA FOUND

  • Source citation: Work cat.: (IT-RoPau)101932: Pezzali M. 32009, Dura legge del gol! (La)
CREDITS: SOCIETA' SAN PAOLO Via A.Severo, 58 - ROMA (RM) & PERIODICI SAN PAOLO SRL Via Giotto, 36 MILANO & CISF Via Giotto, 36 MILANO & EDIZIONI SAN PAOLO SRL,  Piazza Soncino, 5 CINISELLO BALSAMO (MI) -- ITALY